000 00387nam a2200157Ia 4500
008 180921t xxu||||| |||| 00| 0 eng d
041 _aeng
080 _a612.846.8
_bANA
100 _aAnandarajan,S.
245 _aStrabismology
260 _bHermann helmboltz academy of ophthalogy
300 _a198p., 22 cm
942 _cBK
999 _c15934
_d15934
003 LK-CoDNM
040 _aLK-CoDNM
_dLK-CoDNM
_eLK-CoDNM